000 00546nam a2200169Ia 4500
008 090711s9999 xx 000 0 und d
082 _b1397
100 _aपेंडसे माधव वा.
245 _aनािSाऎाउेता
260 _bसत्यजय प्रकाशन
_c1998
300 _a27
600 _aपेंडसे माधव वा.
630 _aनािSाऎाउेता
700 _aपेंडसे माधव वा.
730 _aनािSाऎाउेता
942 _cBOOK
999 _c334265
_d334265